| 000 | 00734nam a2200217Ii 4500 | ||
|---|---|---|---|
| 003 | JO-AjNU | ||
| 008 | 230605s9999||||xx |||||||||||||| ||und|| | ||
| 017 | _a2013/9/3512 | ||
| 040 |
_aJO-AjNU _bara _erda _cJO-AjNU |
||
| 041 | _aara | ||
| 050 | 1 | 4 | _aLB1028.5.A289 2014 |
| 100 | 3 |
_aعبودي، زيد منير, _eauthor _948144 |
|
| 245 | 0 | 0 | _aإدارة برامج المدرسة الإلكترونية |
| 250 | _aط1 | ||
| 264 | 3 | 1 | _aعمان:دار الراية للنشر والتوزيع،2014 |
| 300 | _a240ص | ||
| 336 |
_atext _btxt _2rdacontent |
||
| 337 |
_aunmediated _bn _2rdamedia |
||
| 338 |
_avolume _bnc _2rdacarrier |
||
| 650 | 4 |
_a التعليم المبرمج-التعليم-معالجة بيانات _948145 |
|
| 999 |
_aA21064 _c24632 _d24632 |
||